000 00489nam a2200181Ia 4500
005 20250326123857.0
008 250326s9999 xx 000 0 und d
037 _aTextbook
040 _aFMSL
_beng
_cFMSL
041 _aeng
_2eng
084 _aS8 J8
_qFMSL
100 _aHalbwachs M
_9105643
245 0 _aPsychology of social class
_cHalbwachs M
260 _aLondon
_bLondon, William Heinemann
_c1958
300 _a142p
942 _cTB
_hS8 J8
999 _c1271310
_d1271310